[Event "Asia-ch Seniors 50"]
[Site "Mandalay"]
[Date "2016.10.30"]
[Round "4"]
[White "Tin, Mg Lwin"]
[Black "Nyi Nyi, Lwin"]
[Result "1/2-1/2"]
[WhiteElo "1965"]
[BlackElo "2210"]
[PlyCount "184"]
[EventDate "2016.10.26"]
[EventType "swiss"]
[EventRounds "9"]
[EventCountry "MYA"]
[SourceTitle "CBM 175 Extra"]
[Source "ChessBase"]
[SourceDate "2016.12.12"]
[SourceVersion "1"]
[SourceVersionDate "2016.12.12"]
[SourceQuality "1"]

1. d4 Nf6 2. Nf3 d6 3. Bf4 Bg4 4. e3 c6 5. Be2 Nbd7 6. Nbd2 Qc7 7. h3 Bh5 8. c4 b6 9. Rc1 e5 10. Bh2 c5 11. d5 Bg6 12. Nh4 Be7 13. Nxg6 hxg6 14. Qa4 a6 15. Qc2 Rb8 16. 0-0 b5 17. b3 Qb6 18. Bd3 g5 19. f3 g6 20. Bg3 Nh5 21. Bf2 Nf8 22. Rfe1 Ng7 23. Rb1 b4 24. Ra1 f5 25. e4 f4 26. a3 a5 27. axb4 axb4 28. Ra4 Nd7 29. Rea1 Kf7 30. Ra7 Rb7 31. R7a6 Qd8 32. Nf1 Ne8 33. Nh2 Nef6 34. Qd1 Qc7 35. R1a2 Rhb8 36. Qa1 Nb6 37. Kf1 Bf8 38. Ke2 Bg7 39. Nf1 Nfd7 40. Nh2 Qd8 41. Ng4 Rc8 42. Be1 Rcc7 43. Bf2 Qe7 44. Be1 Nb8 45. R6a5 Nc8 46. Bc2 Qd7 47. Bf2 Bf6 48. Nxf6 Kxf6 49. Qg1 Ra7 50. Qa1 Rcb7 51. Bd3 Qc7 52. Rxa7 Rxa7 53. Rxa7 Nxa7 54. Qa4 Nd7 55. Be1 Ke7 56. Qa6 Kf7 57. Kd2 Nb6 58. Kc2 Nac8 59. Bf1 Kf6 60. Kd1 Qh7 61. Bf2 Qd7 62. Kc2 Qc7 63. Be2 Kf7 64. Bf1 Nd7 65. Kd2 Ncb6 66. Kc2 Nb8 67. Qa1 Qb7 68. Qa5 N8d7 69. Be1 Nf6 70. Bd3 Nbd7 71. Bf2 Ke7 72. Qa1 Qb8 73. Qa6 Qd8 74. Qa7 Qh8 75. Qa1 Qh5 76. Qd1 Qh7 77. Qa1 Qh8 78. Kd2 Nb6 79. Qa7+ Nfd7 80. Bf1 Qh7 81. Qc7 Qh8 82. Qa7 Qa8 83. Qxa8 Nxa8 84. Kc2 Nf6 85. Bd3 Nb6 86. Be1 Nbd7 87. Kd2 Nh5 88. Bf2 Ndf6 89. Ke1 Ng3 90. Bg1 Kf7 91. Bf2 Ke7 92. Bg1 Kd7 1/2-1/2

[Event "Asia-ch Seniors 50"]
[Site "Mandalay"]
[Date "2016.10.29"]
[Round "3"]
[White "Nyi Nyi, Lwin"]
[Black "Lodhi, Mahmood"]
[Result "0-1"]
[WhiteElo "2210"]
[BlackElo "2340"]
[PlyCount "128"]
[EventDate "2016.10.26"]
[EventType "swiss"]
[EventRounds "9"]
[EventCountry "MYA"]
[SourceTitle "CBM 175 Extra"]
[Source "ChessBase"]
[SourceDate "2016.12.12"]
[SourceVersion "1"]
[SourceVersionDate "2016.12.12"]
[SourceQuality "1"]

1. Nf3 d5 2. c4 d4 3. e3 Nc6 4. exd4 Nxd4 5. Nxd4 Qxd4 6. Nc3 Bg4 7. Be2 Bxe2 8. Qxe2 0-0-0 9. Nb5 Qb6 10. 0-0 a6 11. Nc3 Qd4 12. Re1 Nf6 13. b4 e6 14. Rb1 Be7 15. c5 Qd3 16. Qe5 Nd5 17. Rb3 Bf6 18. Nxd5 Qxd5 19. Qe2 Qc6 20. d3 Rd5 21. Bb2 Rg5 22. f4 Rf5 23. g3 h5 24. Qe4 Bxb2 25. Rxb2 Qb5 26. Rc1 Rd8 27. Rc4 Rfd5 28. Rb3 g6 29. Kf2 h4 30. Rbc3 hxg3+ 31. hxg3 Qa4 32. Qe2 Rh5 33. Ke3 e5 34. a3 exf4+ 35. Rxf4 Re5+ 36. Re4 Rde8 37. Kd2 Rxe4 38. dxe4 Qd7+ 39. Rd3 Qe6 40. Re3 Qe5 41. Qf3 Qb2+ 42. Ke1 Qc1+ 43. Kf2 Rh8 44. Qg2 Rd8 45. Qf3 Rd1 46. Kg2 Rh1 47. Qf2 Rh7 48. Qe1 Qb2+ 49. Qe2 Qa1 50. Qe1 Qh8 51. Qg1 Qb2+ 52. Kf3 Rh2 53. e5 Qc2 54. g4 Rh3+ 55. Kf4 Qd2 56. Ke4 Qc2+ 57. Kd4 Rh8 58. e6 fxe6 59. Ke5 Qb2+ 60. Ke4 Qc2+ 61. Ke5 Qd2 62. Kf6 Qd4+ 63. Kxg6 Rg8+ 64. Kf7 Rxg4 0-1

[Event "Yangon op"]
[Site "Yangon"]
[Date "2015.11.23"]
[Round "2"]
[White "Nyi Nyi, Lwin"]
[Black "Komarov, Dimitri"]
[Result "0-1"]
[WhiteElo "2223"]
[BlackElo "2517"]
[PlyCount "80"]
[EventDate "2015.11.23"]
[EventType "swiss"]
[EventRounds "9"]
[EventCountry "MYA"]
[SourceTitle "CBM 169 Extra"]
[Source "ChessBase"]
[SourceDate "2015.12.18"]
[SourceVersion "1"]
[SourceVersionDate "2015.12.18"]
[SourceQuality "1"]

1. e4 c5 2. Nf3 Nc6 3. d4 cxd4 4. Nxd4 Nf6 5. Nc3 e5 6. Nxc6 bxc6 7. Qf3 Bb4 8. Bg5 h6 9. Bd2 0-0 10. Bd3 d5 11. h3 Rb8 12. a3 dxe4 13. Bxe4 Nxe4 14. Qxe4 Bc5 15. Rd1 Qf6 16. Qf3 Qg6 17. Ne4 Be7 18. Bc3 Bf5 19. Ng3 Bxc2 20. Rd7 Qe6 21. Rxa7 Bc5 22. Ra5 Qc4 23. Ne2 f6 24. Qg4 Qxg4 25. hxg4 Rfd8 26. Ng3 Bb6 27. Ra6 Bb3 28. Rh3 Rd1+ 29. Ke2 Rb1 30. Rxb6 Rxb6 31. f3 Bd5 32. Ke3 Rb3 33. Kd2 R1xb2+ 34. Bxb2 Rxb2+ 35. Kc3 Rb3+ 36. Kd2 Rxa3 37. Ke1 Ra2 38. Kf1 Bc4+ 39. Kg1 Bd3 40. Nh5 c5 0-1

[Event "Asia Cities-ch 17th"]
[Site "Jakarta"]
[Date "2011.04.23"]
[Round "2.4"]
[White "Ghaem Maghami, Ehsan"]
[Black "Nyi Nyi, Lwin"]
[Result "1-0"]
[WhiteElo "2606"]
[BlackElo "2219"]
[PlyCount "64"]
[EventDate "2011.04.22"]
[EventType "team-swiss"]
[EventRounds "9"]
[EventCountry "INA"]
[SourceTitle "CBM 142 Extra"]
[Source "ChessBase"]
[SourceDate "2011.06.27"]
[SourceVersion "1"]
[SourceVersionDate "2011.06.27"]
[SourceQuality "1"]
[WhiteTeam "Tehran"]
[BlackTeam "Yangon"]
[WhiteTeamCountry "IRI"]
[BlackTeamCountry "MYA"]

1. Nf3 Nf6 2. c4 c5 3. Nc3 Nc6 4. d4 cxd4 5. Nxd4 d6 6. e4 g6 7. Be2 Bg7 8. Be3 Bd7 9. 0-0 0-0 10. Nb3 Rc8 11. f4 Qc7 12. Rc1 Rfd8 13. Qe1 Qb8 14. Qh4 e6 15. Rcd1 Ne8 16. c5 Bf6 17. Qf2 Be7 18. h4 h5 19. Qg3 Ng7 20. f5 exf5 21. cxd6 Bf6 22. Nd5 Bxb2 23. Bf4 fxe4 24. Ne7+ Kh7 25. Qg5 Nf5 26. Bxh5 Ne5 27. Bxe5 Bxe5 28. Bxg6+ fxg6 29. Qxg6+ Kh8 30. Rxf5 Bxf5 31. Qh5+ Kg7 32. Nxf5+ Kf6 1-0

[Event "Asia Cities-ch 17th"]
[Site "Jakarta"]
[Date "2011.04.22"]
[Round "1.9"]
[White "Nyi Nyi, Lwin"]
[Black "Battulga, Namkhai"]
[Result "1-0"]
[WhiteElo "2219"]
[BlackElo "2420"]
[PlyCount "119"]
[EventDate "2011.04.22"]
[EventType "team-swiss"]
[EventRounds "9"]
[EventCountry "INA"]
[SourceTitle "CBM 142 Extra"]
[Source "ChessBase"]
[SourceDate "2011.06.27"]
[SourceVersion "1"]
[SourceVersionDate "2011.06.27"]
[SourceQuality "1"]
[WhiteTeam "Yangon"]
[BlackTeam "Erdenet"]
[WhiteTeamCountry "MYA"]
[BlackTeamCountry "MGL"]

1. Nf3 d5 2. c4 c6 3. e3 Nf6 4. d4 e6 5. Nc3 Nbd7 6. cxd5 exd5 7. Bd3 Bd6 8. 0-0 0-0 9. Re1 Re8 10. Qc2 Nb6 11. h3 h6 12. b3 Qe7 13. Bb2 Ne4 14. Ne5 f6 15. Ng6 Qf7 16. Nf4 f5 17. Be2 Qc7 18. Bh5 Rf8 19. Ng6 Rf6 20. a4 a5 21. Rac1 Qf7 22. Nf4 g6 23. Be2 Be6 24. Nd3 Rf8 25. Ne5 Qg7 26. Bd3 g5 27. f3 Ng3 28. Qf2 Nh5 29. Be2 f4 30. e4 Bb4 31. Bd3 Ng3 32. exd5 Nxd5 33. Nxd5 Bxd5 34. Bc3 Rd8 35. Bxb4 axb4 36. Qd2 Bxb3 37. Qxb4 Be6 38. a5 Bf5 39. Bc4+ Kh8 40. Qb6 Rdf8 41. Rc3 Be6 42. Bd3 Bf5 43. Rb1 Ra8 44. a6 Rxa6 45. Bxa6 Bxb1 46. Qxb1 bxa6 47. Rb3 Kg8 48. Rb7 Ne2+ 49. Kf2 Nxd4 50. Rxg7+ Kxg7 51. Qb7+ Kg8 52. Qd7 Nf5 53. Ng4 Rf7 54. Qxc6 Kg7 55. Qxa6 h5 56. Ne5 Rf6 57. Qb7+ Kh6 58. Qc8 Kg7 59. Qd7+ Kh6 60. Qe8 1-0